Los escritos revolucionarios: proclama revolucionaria -- los derechos del hombre -- la constitución -- thourios -- canto de guerra / trad. por isabel garcía gálvez :
Guardado en:
| Autor Principal: | |
|---|---|
| Otros Autores: | , |
| Formato: | Libro |
| Publicado: |
Atenas :
Sociedad Científica de Estudios sobre Feres - Velestino - Rigas,
2005
|
| Materias: | |
| Etiquetas: |
Agregar Etiqueta
Sin Etiquetas, Sea el primero en etiquetar este registro!
|
| LEADER | 00935nam a22002295a 4500 | ||
|---|---|---|---|
| 001 | EHU.bham044754 | ||
| 003 | AR-BHAM | ||
| 005 | 20170518105653.0 | ||
| 008 | 130507s2005##################000#0#####d | ||
| 020 | |a 9608745896 | ||
| 082 | 9 | 4 | |a 949.5 |
| 100 | 1 | |a Velestinlís, Rigas | |
| 245 | 1 | 0 | |a Los escritos revolucionarios: proclama revolucionaria -- los derechos del hombre -- la constitución -- thourios -- canto de guerra / |b trad. por isabel garcía gálvez : |c Rigas Velestinlís : |
| 260 | |a Atenas : |b Sociedad Científica de Estudios sobre Feres - Velestino - Rigas, |c 2005 | ||
| 300 | |a 182 p. | ||
| 500 | |a Edición bilingüe: griego-español | ||
| 653 | |a Grecia-historia de | ||
| 653 | |a Literatura griega-1750-1799 | ||
| 653 | |a Grecia-política de-1750-1799 | ||
| 700 | 1 | |a García Vázquez, Isabel, trad. | |
| 700 | 1 | |a Karamberópulos, Dimitrios, introd. y ed. | |
| 859 | |a AR-BHAM |b BIB. HUMANIDADES - General |h 949.5 |i V543 |p 162.17 |t Ej.1 | ||
